LEADER 00733nam a2200193 i 4500 001 000000251869 003 CaOOAMICUS 005 20161205000000.0 008 161205s1827 it u000 u ita u 013 $a230774 026 $atani i.ve a.re nabe (3) 1827 (A) 040 $aSeMil$bita 245 10$aTomo 2. 300 $a432, [2] p. 773 0 $aFilangieri, Gaetano <1752-1788>$tScienza della legislazione e gli opuscoli scelti di Gaetano Filangieri. Tomo 1. [-5.].$dLivorno : Dai Torchj di Glauco Masi e C., 1826-1827.$g2$w()14839 850 $aSeMil 852 $aSeMil$W1$xVenegono$y1$m3N II 33 FA$j202215$B202215$CSeMilBibl$Z2$F214893 $8I 961 $aRecupero: Mantegazza 996 $6245$aTomo 2$9(OLS)http://semarc/title/49331 LEADER 01210nam a2200241 i 4500 001 000000060711 003 CaOOAMICUS 005 19980319000000.0 008 980319s1873 it u000 u ita u 013 $a31883 040 $aSeMil$bita 100 1 $aFilalete.$0(OLS)http://semarc/name/12640 245 13$aLa questione abbiamo ragione di proscrivere i Gesuiti? :$bdiscussa nel Parlamento Italiano, maggio 1873 /$c[Filalete]. 246 04$iTitolo in copertina:$aAbbiamo ragione non solo di sopprimere ma ancora di proscrivere i Gesuiti? 260 $aRoma :$bA. De Sanctis,$c1873. 300 $a154 p. ;$c19 cm. 650 4$aGesuiti - Storia.$0(OLS)http://semarc/subject/4681 650 4$aGesuiti - Inchieste.$0(OLS)http://semarc/subject/12102 850 $aSeMil 852 $aSeMil$W1$xVenegono$y1$m2K II 9 FA$j26864$B26864$CSeMilBibl$Z2$F26867 $8I 996 $6245$aLa questione abbiamo ragione di proscrivere i Gesuiti? :$bdiscussa nel Parlamento Italiano, maggio 1873$9(OLS)http://semarc/title/95220 996 $6246$aAbbiamo ragione non solo di sopprimere ma ancora di proscrivere i Gesuiti?$9(OLS)http://semarc/title/95221 996 $6260$aRoma :$bA. De Sanctis$9(OLS)http://semarc/publisher/42227